Physical development in the early years foundation stage / (Record no. 15637)
[ view plain ]
| 000 -LEADER | |
|---|---|
| fixed length control field | 01452cam a2200397 a 4500 |
| 001 - CONTROL NUMBER | |
| control field | 15475496 |
| 003 - CONTROL NUMBER IDENTIFIER | |
| control field | OSt |
| 005 - DATE AND TIME OF LATEST TRANSACTION | |
| control field | 20140310182745.0 |
| 008 - FIXED-LENGTH DATA ELEMENTS--GENERAL INFORMATION | |
| fixed length control field | 081003s2009 enka b 000 0 eng |
| 010 ## - LIBRARY OF CONGRESS CONTROL NUMBER | |
| LC control number | 2008040853 |
| 020 ## - INTERNATIONAL STANDARD BOOK NUMBER | |
| International Standard Book Number | 9780415479066 (hbk.) |
| 020 ## - INTERNATIONAL STANDARD BOOK NUMBER | |
| International Standard Book Number | 0415479061 (hbk.) |
| 020 ## - INTERNATIONAL STANDARD BOOK NUMBER | |
| International Standard Book Number | 9780415479059 (pbk.) |
| 020 ## - INTERNATIONAL STANDARD BOOK NUMBER | |
| International Standard Book Number | 0415479053 (pbk.) |
| 035 ## - SYSTEM CONTROL NUMBER | |
| System control number | (OCoLC)ocn231582506 |
| 035 ## - SYSTEM CONTROL NUMBER | |
| System control number | (OCoLC)231582506 |
| Canceled/invalid control number | (OCoLC)244063543 |
| 040 ## - CATALOGING SOURCE | |
| Original cataloging agency | DLC |
| Transcribing agency | DLC |
| Modifying agency | BTCTA |
| -- | BAKER |
| -- | OCLNG |
| -- | YDXCP |
| -- | BWKUK |
| -- | BWK |
| -- | DLC |
| 050 00 - LIBRARY OF CONGRESS CALL NUMBER | |
| Classification number | RJ 131 |
| Item number | .N87 2009 |
| 100 1# - MAIN ENTRY--PERSONAL NAME | |
| Personal name | Nurse, Angela D. |
| 245 10 - TITLE STATEMENT | |
| Title | Physical development in the early years foundation stage / |
| Statement of responsibility, etc | Angela D. Nurse. |
| 260 ## - PUBLICATION, DISTRIBUTION, ETC. (IMPRINT) | |
| Place of publication, distribution, etc | London ; |
| -- | New York : |
| Name of publisher, distributor, etc | Routledge, |
| Date of publication, distribution, etc | 2009. |
| 300 ## - PHYSICAL DESCRIPTION | |
| Extent | viii, 145 p. : |
| Other physical details | ill. ; |
| Dimensions | 25 cm. |
| 490 0# - SERIES STATEMENT | |
| Series statement | Practical guidance in the EYFS |
| 504 ## - BIBLIOGRAPHY, ETC. NOTE | |
| Bibliography, etc | Includes bibliographical references. |
| 521 ## - TARGET AUDIENCE NOTE | |
| Target audience note | |
| 562 ## - COPY AND VERSION IDENTIFICATION NOTE | |
| Number of copies | for circulation : 1 copy available in the collection |
| 650 #0 - SUBJECT ADDED ENTRY--TOPICAL TERM | |
| Topical term or geographic name as entry element | Children |
| General subdivision | Growth. |
| 650 #0 - SUBJECT ADDED ENTRY--TOPICAL TERM | |
| Topical term or geographic name as entry element | Motor ability in children. |
| 650 #0 - SUBJECT ADDED ENTRY--TOPICAL TERM | |
| Topical term or geographic name as entry element | Child development. |
| 650 #0 - SUBJECT ADDED ENTRY--TOPICAL TERM | |
| Topical term or geographic name as entry element | Human mechanics. |
| 856 41 - ELECTRONIC LOCATION AND ACCESS | |
| Materials specified | Table of contents only |
| Uniform Resource Identifier | <a href="http://www.loc.gov/catdir/toc/fy0905/2008040853.html">http://www.loc.gov/catdir/toc/fy0905/2008040853.html</a> |
| 906 ## - LOCAL DATA ELEMENT F, LDF (RLIN) | |
| a | 7 |
| b | cbc |
| c | orignew |
| d | 1 |
| e | ecip |
| f | 20 |
| g | y-gencatlg |
| 942 ## - ADDED ENTRY ELEMENTS (KOHA) | |
| Source of classification or shelving scheme | Library of Congress Classification |
| Koha item type | Books |
| Call number prefix | Foreign |
| Withdrawn status | Lost status | Source of classification or shelving scheme | Damaged status | Home library | Current library | Shelving location | Date acquired | Source of acquisition | Cost, normal purchase price | Total Checkouts | Full call number | Barcode | Date last seen | Copy number | Price effective from | Koha item type |
|---|---|---|---|---|---|---|---|---|---|---|---|---|---|---|---|---|
| Library of Congress Classification | College Library | College Library | General Circulation Section | 07/05/2012 | Donation | 1838.00 | RJ 131 .N87 2009 | C14485 | 05/15/2018 | 1 | 10/18/2013 | Books |